000 00736nam a22002417a 4500
003 UA-OsUOA
001 46170
007 ta
008 20120206b un ||||| |||| 00| 0 ukr d
100 _aЗореслав
090 _a82-1
_bЗ-86
942 _cBK
040 _aUA-OsUOA
_bukr
_cUA-OsUOA
_dUA-OsUOA
245 _aЗ ранніх весен (Вибране)
300 _a113 с.
955 _a3
041 _aukr
080 _a82-1
260 _aН.-Й.
_bНакладом "Карпатського Союзу"
_c1963
650 7 _a82 Література. Літературознавство
_2UDC
999 _c426276
_d426276